Datum a čas kvízu

37 Celkem bodů Celkový počet nahraných bodů na tomto kvízu bez doplňovacích otázek.
1. Pořadí na kvízu Konečné umístění týmu na tomto kvízu.

Zaznamenané odpovědi

# Otázka Odpověď Body Výsledky
1. "Po ___ společných letech plný... třiceti 1
2. Záplavy minulý týden velmi ztí... Dubaj 1
3. Česká televize zveřejnila jmén... Chili 1
4. České vývojářské studio Warhor... Kingdom Come: Deliverance 1
5. 21letý litevský reprezentant M... C) hod diskem 1
6. Jihoafrická republika má de fa... Kapské město; Bloemfontein 1
7. Chemický prvek hafnium dostal... o Kodaň 0
8. Nyní vám dáme na výběr, zda si... Windhoek; Manila 0
9. Které malebné a nepříliš lidna... Lublaň 0
10. Kazachstán drží rekord v přejm... Astana; Nur-Sultan 0